| 000 | 01027nam a22002177a 4500 | ||
|---|---|---|---|
| 003 | BD-DhUL | ||
| 005 | 20190828155754.0 | ||
| 008 | 161017s1980 ii ||||| |||| 00| 0 ben | ||
| 020 | _a8185325359 | ||
| 040 |
_aBD-DhUL _cBD-DhUL |
||
| 082 |
_a792.09 _bBHA |
||
| 245 | 1 | 0 |
_aভরত নাট্যশাস্ত্র : _b৪র্থ খন্ড / _cসম্পাদক সুরেশচন্দ্র বন্দ্যোপাধ্যায় ; অনুবাদক ছন্দা চক্রবর্তী । |
| 260 |
_aকলিকাতা : _bনবপত্র, _c১৯৯৬ । |
||
| 300 |
_aখ. ; _c২২ সেমি |
||
| 365 |
_aIRS _b200.00 |
||
| 650 | 0 |
_aনাট্যশাস্ত্র _xইতিহাস । |
|
| 650 | 0 |
_aNāṭyaśāstra _xHistory |
|
| 700 | 1 |
_aবন্দ্যোপাধ্যায়, সুরেশচন্দ্র । _eসম্পাদক |
|
| 700 | 1 |
_aচক্রবর্তী, ছন্দা । _eঅনুবাদক |
|
| 942 |
_2ddc _cBK |
||
| 999 |
_c110058 _d110058 |
||